Statistics for Countries next door to Countries Bordering Countries neighboring France

Click here to take the quiz!

General Stats

  • This quiz has been taken 62 times
    (48 since last reset)
  • The average score is 10 of 14

Answer Stats

Country% Correct
Russia
96%
Hungary
94%
Croatia
89%
Slovakia
89%
Belarus
85%
Ukraine
81%
Lithuania
79%
Chile
72%
Ecuador
70%
Algeria
66%
Mauritania/Western Sahara
64%
Panama
64%
Ireland
32%
Cyprus
6%

Score Distribution

Percentile by Number Answered

Percent of People with Each Score

Your Score History

You have not taken this quiz since the last reset